000 01080 a2200217 4500
005 20080910124051.0
008 080910t xxu||||| |||| 00| 0 hin d
010 _aHIN-79454
020 _a8188069175
_c150.00
035 _aHN-51800
037 _bD.B.Act / pub
082 _a649.1
100 _aबधेका, गिजुभाई
245 _aमुन्ने की परेशानी
_cगिजुभाई बधेका
246 _aMunane ke parasani
_bby Gejubhi Badhik
260 _aदिल्ली
_bस्वराज्य मंदिर प्रकाशन
_c2007
270 _aब्लाक सी-8, मकान नं.-174, यमुना विहार
_bदिल्ली
_e110053
300 _a144पृ
_bसचित्र
_c22 सेमी (सजिल्द)
942 _adpl
_cHN
_k649.1/ बधेका
_2ddc
_h649.1
_mबधेका
999 _c2091
_d2091